<?xml version="1.0" encoding="UTF-8"?>
<collection xmlns="http://www.loc.gov/MARC21/slim">
<record>
  <controlfield tag="000">01620cam\a22003135i\4500</controlfield>
  <controlfield tag="001">336623</controlfield>
  <controlfield tag="005">20251009111617.0</controlfield>
  <controlfield tag="008">140226\1864\\\\mou\\\\\\\\\\\\\\\0\eng\\</controlfield>
  <datafield tag="035" ind1=" " ind2=" ">
    <subfield code="a">336623</subfield>
  </datafield>
  <datafield tag="040" ind1=" " ind2=" ">
    <subfield code="d">UtOrBLW</subfield>
  </datafield>
  <datafield tag="043" ind1=" " ind2=" ">
    <subfield code="a">n-us---</subfield>
  </datafield>
  <datafield tag="099" ind1=" " ind2=" ">
    <subfield code="a">268194</subfield>
  </datafield>
  <datafield tag="110" ind1="2" ind2=" ">
    <subfield code="a">Mississippi Valley Sanitary Fair.</subfield>
  </datafield>
  <datafield tag="245" ind1="1" ind2="0">
    <subfield code="a">Three Hundredth Anniversary of the Birth of Shakspeare! Saturday Evening, April 23, 1864. at Mercantile Library, Large Hall, for the benefit of the Mississippi Valley Sanitary Fair!.</subfield>
  </datafield>
  <datafield tag="260" ind1=" " ind2=" ">
    <subfield code="a">[St. Louis:] :</subfield>
    <subfield code="b">Daily Union Print,</subfield>
    <subfield code="c">1864.</subfield>
  </datafield>
  <datafield tag="300" ind1=" " ind2=" ">
    <subfield code="a">1 sheet (1 page) ;</subfield>
    <subfield code="c">48 x 16 cm +</subfield>
    <subfield code="e">frame ca. 24 x 11.5 in.</subfield>
  </datafield>
  <datafield tag="336" ind1=" " ind2=" ">
    <subfield code="a">text</subfield>
    <subfield code="b">txt</subfield>
    <subfield code="2">rdacontent</subfield>
  </datafield>
  <datafield tag="337" ind1=" " ind2=" ">
    <subfield code="a">unmediated</subfield>
    <subfield code="b">n</subfield>
    <subfield code="2">rdamedia</subfield>
  </datafield>
  <datafield tag="340" ind1=" " ind2=" ">
    <subfield code="b">48 x 16 cm</subfield>
  </datafield>
  <datafield tag="500" ind1=" " ind2=" ">
    <subfield code="a">The Mississippi Valley Sanitary Fair was a two-week event organized to raise money for Union troops</subfield>
  </datafield>
  <datafield tag="530" ind1=" " ind2=" ">
    <subfield code="a">Also available as a digital reproduction.</subfield>
  </datafield>
  <datafield tag="583" ind1="0" ind2=" ">
    <subfield code="a">revised</subfield>
    <subfield code="c">2015-08</subfield>
    <subfield code="k">EEW</subfield>
    <subfield code="n">1</subfield>
    <subfield code="o">link</subfield>
    <subfield code="x">Luna</subfield>
    <subfield code="2">local</subfield>
    <subfield code="5">DFo</subfield>
  </datafield>
  <datafield tag="585" ind1=" " ind2=" ">
    <subfield code="a">Washington, D.C.,  Folger  Shakespeare Library,  2016.  America's Shakespeare.</subfield>
    <subfield code="5">DFo</subfield>
  </datafield>
  <datafield tag="600" ind1="1" ind2="0">
    <subfield code="a">Shakespeare, William,</subfield>
    <subfield code="d">1564-1616</subfield>
    <subfield code="x">Anniversaries, etc.</subfield>
    <subfield code="0">sh 85120826 </subfield>
  </datafield>
  <datafield tag="651" ind1=" " ind2="0">
    <subfield code="a">United States</subfield>
    <subfield code="x">History</subfield>
    <subfield code="y">Civil War, 1861-1865.</subfield>
    <subfield code="0">sh 85140205 </subfield>
  </datafield>
  <datafield tag="655" ind1=" " ind2="7">
    <subfield code="a">Playbills.</subfield>
    <subfield code="0">300027216</subfield>
    <subfield code="2">aat</subfield>
  </datafield>
  <datafield tag="790" ind1="1" ind2=" ">
    <subfield code="a">Millay, Roger,</subfield>
    <subfield code="e">funder.</subfield>
    <subfield code="5">DFo</subfield>
  </datafield>
  <datafield tag="790" ind1="1" ind2=" ">
    <subfield code="a">Millay, Robin,</subfield>
    <subfield code="e">funder.</subfield>
    <subfield code="5">DFo</subfield>
  </datafield>
  <datafield tag="852" ind1="8" ind2=" ">
    <subfield code="a">US-DFo</subfield>
    <subfield code="b">DeckC-Rare</subfield>
    <subfield code="h">PLAYBILL 268194</subfield>
    <subfield code="z">Adopted by Roger and Robin Millay, Acquisitions Night 2015.</subfield>
    <subfield code="7">489449</subfield>
    <subfield code="j">268194</subfield>
  </datafield>
  <datafield tag="856" ind1="4" ind2="1">
    <subfield code="u">https://digitalcollections.folger.edu/img112210</subfield>
    <subfield code="z">Digital image(s) of Folger Shakespeare Library PLAYBILL 268194</subfield>
  </datafield>
  <datafield tag="909" ind1="C" ind2="O">
    <subfield code="o">oai:catalog.folger.edu:336623</subfield>
    <subfield code="p">GLOBAL_SET</subfield>
  </datafield>
  <datafield tag="980" ind1=" " ind2=" ">
    <subfield code="a">BIB</subfield>
  </datafield>
  <datafield tag="983" ind1=" " ind2=" ">
    <subfield code="a">Online</subfield>
  </datafield>
  <datafield tag="983" ind1=" " ind2=" ">
    <subfield code="a">Vault</subfield>
  </datafield>
</record>
</collection>